<?xml version="1.0" encoding="UTF-8"?>
<marc:record xmlns:marc="http://www.loc.gov/MARC21/slim">
   <marc:leader>00000nam a2200000 a 4500</marc:leader>
   <marc:datafield ind1="1" ind2=" " tag="100">
      <marc:subfield code="a">Bernhard, Thomas</marc:subfield>
      <marc:subfield code="4">aut</marc:subfield>
      <marc:subfield code="e">Verfasser/-in</marc:subfield>
   </marc:datafield>
   <marc:datafield ind1=" " ind2=" " tag="653">
      <marc:subfield code="a">Kurzgeschichten</marc:subfield>
   </marc:datafield>
   <marc:datafield ind1="0" ind2="0" tag="245">
      <marc:subfield code="a">Die Billigesser</marc:subfield>
   </marc:datafield>
   <marc:datafield ind1="0" ind2="0" tag="245">
      <marc:subfield code="c">Thomas Bernhard</marc:subfield>
   </marc:datafield>
   <marc:datafield ind1=" " ind2="1" tag="264">
      <marc:subfield code="a">Frankfurt am Main</marc:subfield>
      <marc:subfield code="b">Suhrkamp</marc:subfield>
      <marc:subfield code="c">1988</marc:subfield>
   </marc:datafield>
   <marc:datafield ind1="1" ind2=" " tag="520">
      <marc:subfield code="a">Die vier Billigesser essen seit Jahren von Montag bis Freitag in einer bestimmten Wiener öffentlichen Küche immer das billigste Essen. Für Koller rücken sie ins Zentrum seiner wissenschaftlichen Aufmerksamkeit, als er eines Tages nicht zur alten Esche, sondern zur alten Eiche geht und erkennt, daß sie das zentrale Stück seiner Studie über die Physiognomik mit dem Titel Die Billigesser darstellen. Die Andeutungen, die Koller ihm gegenüber vom Inhalt dieser Studie macht, versucht der Erzähler &#x96; ein Bankbeamter und ehemaliger Schulkamerad von Koller &#x96; anzudeuten.</marc:subfield>
   </marc:datafield>
   <marc:datafield ind1="0" ind2=" " tag="490">
      <marc:subfield code="v">0</marc:subfield>
   </marc:datafield>
   <marc:datafield ind1=" " ind2=" " tag="300">
      <marc:subfield code="a">149 S.</marc:subfield>
   </marc:datafield>
</marc:record>
